000 00584nam a2200193 4500
001 vtls002055052
003 NLI
005 20210701054557.0
008 191115 00 eng
020 _a9789353434984;
_cRs.260.00
039 9 _y201911151446
_zswarups
100 1 _aFevre, Andre Le
_9996712
245 1 0 _aClimb with corner stone:
_bgrammar and composition skills for grade 4/
_cAndre Le Fevre
260 _aGhaziabad:
_bPearson,
_c2020
887 _a
903 _aswarups
999 _aVIRTUA4
_c1471908
_d1471908
942 _2ddc
_cBKS
999 _aVTLSSORT0080*0200*1000*2450*2600*9030*9992